The Growth Drivers (Record no. 332391)

MARC details
000 -LEADER
fixed length control field 00510nam a2200169Ia 4500
008 - FIXED-LENGTH DATA ELEMENTS--GENERAL INFORMATION
fixed length control field 230718s9999 xx 000 0 und d
020 ## - INTERNATIONAL STANDARD BOOK NUMBER
International Standard Book Number 9788126538034
041 ## - LANGUAGE CODE
Language code of text/sound track or separate title eng
082 ## - DEWEY DECIMAL CLASSIFICATION NUMBER
Classification number 658.8'02
Item number BIR
100 ## - MAIN ENTRY--PERSONAL NAME
Personal name Bird A.
9 (RLIN) 194550
245 ## - TITLE STATEMENT
Title The Growth Drivers
Remainder of title The Definitive Guide To Transforming Marketing Capabilities
260 ## - PUBLICATION, DISTRIBUTION, ETC. (IMPRINT)
Date of publication, distribution, etc. 2012
Name of publisher, distributor, etc. Wiley India
300 ## - PHYSICAL DESCRIPTION
Extent 294
365 ## - TRADE PRICE
Currency code Rs.
Price amount 625.00
700 ## - ADDED ENTRY--PERSONAL NAME
Personal name Bird A. & Mcewan M.
9 (RLIN) 194551
906 ## - LOCAL DATA ELEMENT F, LDF (RLIN)
d O:0338102-Jul-2013B:305502-Apr-2013
c GENRL
b 137.5
Holdings
Withdrawn status Lost status Damaged status Not for loan Home library Current library Date acquired Vendor Budget Code Cost, normal purchase price Bill number Total Checkouts Full call number Barcode Date last seen Discount Cost, replacement price Bill Date Koha item type Original Barcode
        Cummins College of Engineering for Women Pune Cummins College of Engineering for Women Pune 02/07/2013 Technical Book Services GENRL 487.50 3055   658.8'02 CCEP-BK-43598 18/07/2023 137.5 625.00 02/04/2013 Books 043598